1120 1369 1135 1958 1477 1969 1215 1232 1036 1892 1770 1551 1646 1921 1661 1012 1698 1456 1378 1590 1200 1386 1839 1754 1364 1521 1263 1915 1626 1051 1520 1067 1446 1051 1937 1679 1198 1553 1683 1913 1951 1180 1506 1123 1930 1418 1238 1668 1008 1507 1359 1083 1250 1595 1942 1980 1941 1106 1255 1578 1404 1635 1482 1327 1020 1436 1020 1937 1155 1203 1039 1990 1343 1427 1326 1784 1001 1374 1720 1974 1536 1119 1929 1828 1589 1181 1214 1609 1267 1155 1039 1324 1357 1524 1399 1818 1907 1491 1995 BCNSPRNW ULIB Ver.6.0+V

เปลี่ยนเป็นภาษาไทย

Change to English
 แสดงรายละเอียดบรรณานุกรม
  กลับหน้าหลัก

Brief Record : Get Marc (ISO 2709) : E-mail record : QR code < ปิดหน้าต่าง
LEADER : 00000nam 2200000uu 4500
001    13399114104
003     ULIB
008    110220s||||||||th 000 0 tha d
099    วจ.WA400^bส232ค
100 0  สมเกียรติ ศิริรัตนพฤกษ์
245 00 โครงการศึกษาระบบข้อมูลทางด้านอาชีวอนามัยและสิ่งแวดล้อม/^cสมเกียรติ ศิริรัตนพฤกษ์ และ คณะ
260    นนทบุรี:^bสถาบันวิจัยระบบสาธารณสุข,^cมปป.
300    90 หน้า
650  7 อาชีวอนามัยและสิ่งแวดล้อม^xวิจัย
710 2  สถาบันวิจัยระบบสาธารณสุข
710 2  สำนักงานกองทุนสนับสนุนการสร้างเสริมสุขภาพ
945    ^p0^l0^i030993
995    ทศพร
999 ^a ใช้งานได้ทุกระบบ
รายการนี้ยังไม่มีแท็ก
คุณยังไม่ได้ล็อกอิน คุณสามารถมีกิจกรรมร่วมกับเว็บไซต์ได้ แต่ต้องล็อกอินก่อน ::
  ล็อกอิน

รายการสื่อสารสนเทศ

ลำดับที่ ประเภท เลขเรียก/บาร์โค้ด สถานที่ สถานะ
1. งานวิจัย
งานวิจัย
วจ.WA400 ส232ค ฉ.1 
  Barcode: 030993
ห้องสมุดวิทยาเขตสวรรค์ประชารักษ์
►วิจัย
บนชั้น

BibComment


ยังไม่เคยถูกคอมเมนท์

คอมเมนท์ทรัพยากรรายการนี้
  คอมเมนท์: โครงการศึกษาระบบข..


 Copyright 2026. Bcnsprnw @Library